| 000 | 00637nam a2200205Ia 4500 | ||
|---|---|---|---|
| 005 | 20250508161723.0 | ||
| 008 | 008 250505s9999 xx 000 0 eng d | ||
| 037 | _aTextual | ||
| 040 |
_aFEDL _beng _cFEDL |
||
| 041 |
_aeng _2eng |
||
| 084 |
_a371.26, DRE _qFEDL |
||
| 100 |
_aDressei Paul L _9760172 |
||
| 245 | 0 | _aGeneral education explorations in evaluation | |
| 260 |
_aWashington, USA _bAmerican Council on Education _c1957 |
||
| 300 | _axxiii,302p. | ||
| 650 |
_aEducational - Tests and Measurements _9758953 |
||
| 700 |
_a Mayhew Lewis B _9771452 |
||
| 942 |
_cTEXL _h371.26, DRE |
||
| 999 |
_c1371736 _d1371736 |
||